[Event "Hoogeveen op 25th"]
[Site "Hoogeveen"]
[Date "2022.10.22"]
[Round "9"]
[White "Goeke, Bernd"]
[Black "Kotyk, Michael"]
[Result "0-1"]
[WhiteElo "1957"]
[BlackElo "2105"]
[PlyCount "98"]
[EventDate "2022.10.15"]
[EventType "swiss"]
[EventRounds "9"]
[EventCountry "NED"]
[SourceTitle "CBM 210 Extra"]
[Source "ChessBase"]
[SourceDate "2022.11.30"]
[SourceVersion "1"]
[SourceVersionDate "2022.11.30"]
[SourceQuality "1"]

1. Nf3 f5 2. c4 Nf6 3. g3 g6 4. Bg2 Bg7 5. 0-0 d6 6. d4 0-0 7. Nc3 Nc6 8. d5 Ne5 9. Nxe5 dxe5 10. c5 e6 11. Qb3 Qe7 12. Be3 Ng4 13. d6 cxd6 14. cxd6 Qxd6 15. Nb5 Qe7 16. Bd2 Rd8 17. Ba5 Rd7 18. Rac1 Bh6 19. Rc2 e4 20. Nxa7 Rxa7 21. Rxc8+ Kf7 22. Bb4 Qg5 23. h4 Qh5 24. Qc3 g5 25. Qh8 Nf6 26. Bc5 b6 27. hxg5 Qxg5 28. Be3 Qg7 29. Bxh6 Qxh6 30. a3 Rd2 31. Rfc1 Rxe2 32. Bf1 Rxb2 33. Rd1 e3 34. Rdd8 Kg6 35. Rg8+ Rg7 36. Rxg7+ Qxg7 37. Qxg7+ Kxg7 38. Rc7+ Kg6 39. fxe3 Rb3 40. Rc6 Rxe3 41. Kg2 Rxa3 42. Rxe6 Kg5 43. Rxb6 Ne4 44. Ba6 Rxg3+ 45. Kf1 h5 46. Rb8 h4 47. Rh8 h3 48. Bc8 Kf4 49. Rh5 Ke3 0-1

[Event "Hoogeveen op 25th"]
[Site "Hoogeveen"]
[Date "2022.10.19"]
[Round "5"]
[White "Kazarjan, Gachatur"]
[Black "Goeke, Bernd"]
[Result "0-1"]
[WhiteElo "1746"]
[BlackElo "1957"]
[PlyCount "76"]
[EventDate "2022.10.15"]
[EventType "swiss"]
[EventRounds "9"]
[EventCountry "NED"]
[SourceTitle "CBM 210 Extra"]
[Source "ChessBase"]
[SourceDate "2022.11.30"]
[SourceVersion "1"]
[SourceVersionDate "2022.11.30"]
[SourceQuality "1"]

1. e4 c5 2. Nf3 e6 3. c3 Ne7 4. d4 cxd4 5. cxd4 d5 6. e5 Nbc6 7. Nc3 Nf5 8. g4 Nh4 9. Nxh4 Qxh4 10. Be3 f6 11. Be2 fxe5 12. dxe5 Bb4 13. Bb5 Bd7 14. Bxc6 bxc6 15. a3 Be7 16. Qf3 c5 17. 0-0-0 Bc6 18. Bd2 Rc8 19. Rhf1 Bg5 20. Qe2 Bxd2+ 21. Rxd2 Qxh2 22. Qa6 0-0 23. f4 Qg3 24. g5 d4 25. Ne2 Qg2 26. Rg1 Qe4 27. Rf1 Rc7 28. Ng3 Qd5 29. Qa5 Rb7 30. Kb1 d3 31. Qc3 c4 32. f5 Rb3 33. Qc1 c3 34. f6 cxd2 35. Qxd2 Rfb8 36. Nh5 Rxb2+ 37. Qxb2 Rxb2+ 38. Kxb2 Qg2+ 0-1

[Event "Hoogeveen op 25th"]
[Site "Hoogeveen"]
[Date "2022.10.17"]
[Round "3"]
[White "Goudriaan, Rafael"]
[Black "Goeke, Bernd"]
[Result "0-1"]
[WhiteElo "1654"]
[BlackElo "1957"]
[PlyCount "40"]
[EventDate "2022.10.15"]
[EventType "swiss"]
[EventRounds "9"]
[EventCountry "NED"]
[SourceTitle "CBM 210 Extra"]
[Source "ChessBase"]
[SourceDate "2022.11.30"]
[SourceVersion "1"]
[SourceVersionDate "2022.11.30"]
[SourceQuality "1"]

1. d4 d5 2. Bf4 c5 3. e4 dxe4 4. d5 Nf6 5. Nc3 a6 6. Qe2 g6 7. 0-0-0 Bg7 8. Nxe4 Nxe4 9. Qxe4 0-0 10. Nf3 Bf5 11. Qe3 Qa5 12. Kb1 Nd7 13. Bd3 Bxd3 14. Qxd3 Bxb2 15. Qb3 Bf6 16. Bg5 c4 17. Qxc4 Rac8 18. Qe4 Qb5+ 19. Kc1 Rc4 20. Qe2 Qb2+ 0-1

[Event "Einhausen op"]
[Site "Einhausen"]
[Date "2009.??.??"]
[Round "3"]
[White "Haecker, Alexander"]
[Black "Goeke, Bernd"]
[Result "1-0"]
[WhiteElo "2255"]
[BlackElo "2090"]
[PlyCount "79"]
[EventDate "2009.??.??"]
[EventType "swiss"]
[EventRounds "7"]
[EventCountry "GER"]
[SourceTitle "EXT 2011"]
[Source "ChessBase"]
[SourceDate "2010.11.26"]
[SourceVersion "1"]
[SourceVersionDate "2010.11.26"]
[SourceQuality "1"]

1. e4 c5 2. Nf3 e6 3. d4 cxd4 4. Nxd4 Nf6 5. Nc3 d6 6. Bd3 Be7 7. 0-0 0-0 8. Kh1 e5 9. Nb3 Be6 10. f4 exf4 11. Bxf4 Nc6 12. Qe1 Ne5 13. Nd4 Nfd7 14. Qg3 Bh4 15. Qe3 Bf6 16. Nf5 Bxf5 17. exf5 Nc5 18. Be2 Nc6 19. Qd2 d5 20. Bf3 d4 21. Nd5 Rc8 22. Nxf6+ Qxf6 23. Bg5 Qd6 24. f6 g6 25. Qf2 Rfd8 26. Qh4 Ne6 27. Bg4 Re8 28. Rae1 Ncd8 29. Bf4 Qf8 30. Bh6 Qd6 31. Rf3 Rc6 32. Rh3 Nc7 33. Rxe8+ Nxe8 34. Bf4 Qxf6 35. Qxh7+ Kf8 36. Rf3 Ke7 37. Bd2 Qe5 38. Rf1 Rf6 39. Qh4 Kf8 40. Re1 1-0

[Event "Einhausen op"]
[Site "Einhausen"]
[Date "2009.??.??"]
[Round "5"]
[White "Kaufeld, Juergen"]
[Black "Goeke, Bernd"]
[Result "1-0"]
[WhiteElo "2270"]
[BlackElo "2090"]
[PlyCount "73"]
[EventDate "2009.??.??"]
[EventType "swiss"]
[EventRounds "7"]
[EventCountry "GER"]
[SourceTitle "EXT 2011"]
[Source "ChessBase"]
[SourceDate "2010.11.26"]
[SourceVersion "1"]
[SourceVersionDate "2010.11.26"]
[SourceQuality "1"]

1. e4 c5 2. Nf3 e6 3. d4 cxd4 4. Nxd4 Nf6 5. Nc3 d6 6. Be2 Be7 7. 0-0 0-0 8. Be3 Nc6 9. f4 e5 10. Nb3 exf4 11. Rxf4 Be6 12. Nd5 Bxd5 13. exd5 Ne5 14. c4 Nfd7 15. Rf1 b6 16. Qd2 Rc8 17. Rac1 Nc5 18. Nd4 g6 19. b4 Ne4 20. Qc2 Nf6 21. Qd1 Re8 22. h3 Nfd7 23. Qd2 Nf8 24. Rc2 f5 25. a4 Bf6 26. Bh6 Bg7 27. Bf4 Qf6 28. Bg5 Qf7 29. g4 h6 30. Bxh6 Bxh6 31. Qxh6 Qf6 32. Rxf5 Qd8 33. Rf2 Re7 34. Qg5 Nh7 35. Qh4 g5 36. Qh6 Nf7 37. Qg6+ 1-0

[Event "Hessenliga 0809"]
[Site "Germany"]
[Date "2008.10.19"]
[Round "3.5"]
[White "Goeke, Bernd"]
[Black "Nimsch, Helmut"]
[Result "0-1"]
[WhiteElo "2110"]
[BlackElo "2085"]
[PlyCount "116"]
[EventDate "2008.09.14"]
[EventType "team-tourn"]
[EventRounds "9"]
[EventCountry "GER"]
[SourceTitle "EXT 2011"]
[Source "ChessBase"]
[SourceDate "2010.11.26"]
[SourceVersion "1"]
[SourceVersionDate "2010.11.26"]
[SourceQuality "1"]
[WhiteTeam "Bensheim"]
[BlackTeam "Frankfurt BvK II"]
[WhiteTeamCountry "GER"]
[BlackTeamCountry "GER"]

1. d4 d5 2. c4 e6 3. Nc3 Nf6 4. Bg5 Be7 5. e3 0-0 6. Nf3 b6 7. Rc1 Bb7 8. Bxf6 Bxf6 9. cxd5 exd5 10. b4 Nc6 11. Qb3 Ne7 12. Bd3 c6 13. 0-0 Rc8 14. Rfd1 g6 15. Qa3 Qc7 16. Rd2 Qb8 17. Rdc2 Rfd8 18. Na4 Qd6 19. Qb3 Rd7 20. Be2 Rdc7 21. Ne1 h5 22. Nd3 Ba6 23. Nab2 Nf5 24. a4 Qe7 25. b5 Bb7 26. bxc6 Rxc6 27. Nf4 Rxc2 28. Rxc2 Rxc2 29. Qxc2 Nxe3 30. Qd2 Nf5 31. Bf3 Qd6 32. Ne2 Ba6 33. g3 Bxe2 34. Bxe2 Nxd4 35. Bd1 Qa3 36. Nd3 Qa1 37. Kg2 Qa3 38. Nf4 Qc5 39. Qd3 Bg7 40. h4 Qc4 41. Qe3 Nf5 42. Qe8+ Bf8 43. Qd8 d4 44. Bf3 Qc5 45. Nd5 Qd6 46. Nf6+ Kh8 47. Nd7 Kg7 48. Qe8 Be7 49. Kh2 d3 50. Bd1 Bxh4 51. Bb3 Qe7 52. Qc8 Bf6 53. Nb8 h4 54. Nc6 hxg3+ 55. fxg3 Qd6 56. Qe8 Qxg3+ 57. Kh1 Qf3+ 58. Kh2 Qe2+ 0-1

[Event "Hessenliga 0809"]
[Site "Germany"]
[Date "2008.09.28"]
[Round "2.7"]
[White "Meyer, Stefan"]
[Black "Goeke, Bernd"]
[Result "0-1"]
[WhiteElo "2155"]
[BlackElo "2110"]
[PlyCount "120"]
[EventDate "2008.09.14"]
[EventType "team-tourn"]
[EventRounds "9"]
[EventCountry "GER"]
[SourceTitle "EXT 2011"]
[Source "ChessBase"]
[SourceDate "2010.11.26"]
[SourceVersion "1"]
[SourceVersionDate "2010.11.26"]
[SourceQuality "1"]
[WhiteTeam "Dotzheim"]
[BlackTeam "Bensheim"]
[WhiteTeamCountry "GER"]
[BlackTeamCountry "GER"]

1. Nf3 d5 2. g3 Nf6 3. Bg2 c6 4. d3 Bg4 5. Nbd2 Nbd7 6. 0-0 e5 7. e4 Be7 8. Qe1 dxe4 9. dxe4 Qc7 10. a4 0-0 11. h3 Bxf3 12. Nxf3 Rfd8 13. Bd2 Nc5 14. Ba5 b6 15. Bc3 Nfd7 16. Qe2 Ne6 17. Rfd1 c5 18. Qc4 Rac8 19. Be1 Nd4 20. Rac1 Nxf3+ 21. Bxf3 Bg5 22. Ra1 Nb8 23. c3 Nc6 24. h4 Bf6 25. Bg4 Rxd1 26. Rxd1 Rd8 27. Rd5 Ne7 28. Rxd8+ Qxd8 29. b4 cxb4 30. cxb4 g6 31. Bc3 h5 32. Be2 Bg7 33. b5 Qc8 34. Qb3 Qc7 35. Bc4 Nc8 36. Bd5 Bf8 37. Kg2 Bd6 38. Bb2 Kf8 39. Qf3 Kg7 40. Qe3 Bc5 41. Qd2 Ne7 42. f4 f6 43. fxe5 fxe5 44. Qf4 Bd6 45. Qf7+ Kh8 46. Bb3 Qc5 47. Qe6 Kh7 48. Kf3 Qc7 49. g4 hxg4+ 50. Kxg4 Qc5 51. Qf7+ Kh8 52. Kf3 Qc8 53. Be6 Qc2 54. Qf6+ Kh7 55. Bxe5 Qd3+ 56. Kf4 Qd2+ 57. Kf3 Qd3+ 58. Kf4 Qd2+ 59. Kg4 Qg2+ 60. Kf4 Bxe5+ 0-1

[Event "Hessenliga 0708"]
[Site "Germany"]
[Date "2007.10.28"]
[Round "2.6"]
[White "Klingelhoefer, Stefan"]
[Black "Goeke, Bernd"]
[Result "1-0"]
[WhiteElo "2248"]
[BlackElo "2114"]
[PlyCount "37"]
[EventDate "2007.09.30"]
[EventType "team"]
[EventRounds "9"]
[EventCountry "GER"]
[SourceTitle "EXT 2009"]
[Source "ChessBase"]
[SourceDate "2008.11.26"]
[SourceVersion "1"]
[SourceVersionDate "2008.11.26"]
[SourceQuality "1"]
[WhiteTeam "Giessen"]
[BlackTeam "Bensheim"]
[WhiteTeamCountry "GER"]
[BlackTeamCountry "GER"]

1. d4 d5 2. Nf3 Nf6 3. c4 e6 4. g3 Bb4+ 5. Bd2 Be7 6. Bg2 0-0 7. 0-0 c6 8. Qb3 Nbd7 9. Nc3 b6 10. Rac1 Bb7 11. cxd5 exd5 12. Bf4 Nh5 13. Be5 f6 14. Bc7 Qxc7 15. Nxd5 Nc5 16. Rxc5 Qd8 17. Nf4+ Rf7 18. Rxh5 g6 19. Rxh7 1-0

[Event "Hessen-ch qual-A+B"]
[Site "Erlensee"]
[Date "2007.04.06"]
[Round "6"]
[White "Domanski, Markus"]
[Black "Goeke, Bernd"]
[Result "1-0"]
[WhiteElo "2064"]
[BlackElo "2097"]
[PlyCount "47"]
[EventDate "2007.04.04"]
[EventType "swiss"]
[EventRounds "7"]
[EventCountry "GER"]
[SourceTitle "CBM 117 Extra"]
[Source "ChessBase"]
[SourceDate "2007.05.09"]
[SourceVersion "1"]
[SourceVersionDate "2007.05.09"]
[SourceQuality "1"]

1. d4 d5 2. c4 e6 3. Nc3 Be7 4. Nf3 Nf6 5. Bf4 0-0 6. e3 c5 7. dxc5 Qa5 8. a3 dxc4 9. Bxc4 Qxc5 10. Qe2 Nc6 11. 0-0 a6 12. e4 b5 13. Bd3 e5 14. Be3 Nd4 15. Bxd4 exd4 16. e5 dxc3 17. exf6 Bxf6 18. Qe4 g6 19. Qxa8 Bf5 20. Qxa6 cxb2 21. Rad1 Bxd3 22. Rxd3 Rd8 23. Rxd8+ Bxd8 24. Qa8 1-0

[Event "Hessen-ch qual-A+B"]
[Site "Erlensee"]
[Date "2007.04.05"]
[Round "2"]
[White "Goeke, Bernd"]
[Black "Rubel, Julian"]
[Result "1-0"]
[WhiteElo "2097"]
[BlackElo "2107"]
[PlyCount "69"]
[EventDate "2007.04.04"]
[EventType "swiss"]
[EventRounds "7"]
[EventCountry "GER"]
[SourceTitle "CBM 117 Extra"]
[Source "ChessBase"]
[SourceDate "2007.05.09"]
[SourceVersion "1"]
[SourceVersionDate "2007.05.09"]
[SourceQuality "1"]

1. Nf3 c5 2. c4 g6 3. Nc3 Bg7 4. g3 Nc6 5. Bg2 e5 6. a3 Nge7 7. b4 cxb4 8. axb4 Nxb4 9. Ba3 Nec6 10. Qa4 a5 11. 0-0 Ra6 12. Nb5 d6 13. d4 exd4 14. Rad1 0-0 15. Bb2 Be6 16. Nfxd4 Nxd4 17. Bxd4 Bxc4 18. Bxb7 Rb6 19. Bxb6 Qxb6 20. Nxd6 Bxe2 21. Bg2 Bxf1 22. Bxf1 Bd4 23. Nc4 Qf6 24. Rd2 Bc3 25. Rd6 Qf3 26. Qxa5 Be1 27. Qc5 Ra8 28. Bg2 Bxf2+ 29. Qxf2 Ra1+ 30. Bf1 Qc3 31. Rd8+ Kg7 32. Qd4+ Qxd4+ 33. Rxd4 Nc2 34. Rd2 Ne3 35. Nxe3 1-0

[Event "Hessen-ch qual-A+B"]
[Site "Erlensee"]
[Date "2007.04.04"]
[Round "1"]
[White "Czech, Ludwig"]
[Black "Goeke, Bernd"]
[Result "0-1"]
[WhiteElo "2112"]
[BlackElo "2097"]
[PlyCount "84"]
[EventDate "2007.04.04"]
[EventType "swiss"]
[EventRounds "7"]
[EventCountry "GER"]
[SourceTitle "CBM 117 Extra"]
[Source "ChessBase"]
[SourceDate "2007.05.09"]
[SourceVersion "1"]
[SourceVersionDate "2007.05.09"]
[SourceQuality "1"]

1. c4 e6 2. Nf3 Nf6 3. b3 d5 4. Bb2 c5 5. e3 Nc6 6. cxd5 exd5 7. Bb5 Be7 8. 0-0 Qb6 9. Be2 0-0 10. d4 c4 11. Ba3 Bxa3 12. Nxa3 Qa5 13. Nc2 b5 14. Ne5 Bb7 15. Nxc6 Bxc6 16. Bf3 Rfc8 17. b4 Qb6 18. Qd2 Bd7 19. Qc3 Bf5 20. Rfc1 Rc7 21. a4 bxa4 22. Rxa4 Rb8 23. Ne1 Qd6 24. Rca1 g5 25. h3 h5 26. Ra6 Qe7 27. R6a5 Rd7 28. Qa3 g4 29. hxg4 hxg4 30. Be2 Rxb4 31. Rc5 Rdb7 32. Qa5 g3 33. Kf1 gxf2 34. Kxf2 Rb3 35. Bxc4 Ne4+ 36. Kf1 Nxc5 37. Bxb3 Nxb3 38. Qxd5 Nxa1 39. Qxf5 Rb6 40. Qc8+ Kg7 41. Qc3 Rb1 42. Ke2 Qb4 0-1

[Event "Karl Mala Memorial op 10th"]
[Site "Griesheim"]
[Date "2006.07.22"]
[Round "5"]
[White "Goeke, Bernd"]
[Black "Sonnhoff, Werner"]
[Result "1-0"]
[WhiteElo "2117"]
[BlackElo "1816"]
[PlyCount "53"]
[EventDate "2006.07.20"]
[EventType "swiss"]
[EventRounds "7"]
[EventCountry "GER"]
[SourceTitle "CBM 113 Extra"]
[Source "ChessBase"]
[SourceDate "2006.09.14"]
[SourceVersion "1"]
[SourceVersionDate "2006.09.14"]
[SourceQuality "1"]

1. d4 e6 2. c4 b6 3. Nc3 Bb7 4. e4 Bb4 5. Qc2 Qh4 6. Bd3 f5 7. Nf3 Qg4 8. 0-0 Bxc3 9. h3 Qh5 10. bxc3 fxe4 11. Bxe4 Nc6 12. d5 Ne5 13. Bf4 Nxf3+ 14. Bxf3 Qf5 15. Qxf5 exf5 16. Bxc7 Rc8 17. Bh5+ g6 18. Be5 Nf6 19. Bxf6 Rf8 20. Rfe1+ Kf7 21. Be7 Rfe8 22. Bf3 Rxe7 23. Rxe7+ Kxe7 24. d6+ Kxd6 25. Bxb7 Rxc4 26. Rc1 Kc5 27. Kf1 1-0

[Event "Karl Mala Memorial op 10th"]
[Site "Griesheim"]
[Date "2006.07.21"]
[Round "2"]
[White "Wilke, Joerg"]
[Black "Goeke, Bernd"]
[Result "0-1"]
[WhiteElo "1933"]
[BlackElo "2117"]
[PlyCount "74"]
[EventDate "2006.07.20"]
[EventType "swiss"]
[EventRounds "7"]
[EventCountry "GER"]
[SourceTitle "CBM 113 Extra"]
[Source "ChessBase"]
[SourceDate "2006.09.14"]
[SourceVersion "1"]
[SourceVersionDate "2006.09.14"]
[SourceQuality "1"]

1. d4 d5 2. c4 e6 3. Nc3 Nf6 4. Bg5 Nbd7 5. e3 c6 6. Nf3 Qa5 7. cxd5 Nxd5 8. Qb3 Bd6 9. Bc4 N7b6 10. 0-0 Nxc4 11. Qxc4 Nxc3 12. Qxc3 Qxc3 13. bxc3 b6 14. Rfc1 f6 15. Bh4 Bb7 16. Nd2 Rc8 17. Bg3 Bxg3 18. hxg3 Ke7 19. a4 c5 20. a5 cxd4 21. exd4 Rhd8 22. axb6 axb6 23. Ra7 Rd7 24. Nf3 Bd5 25. Rxd7+ Kxd7 26. Kf1 Ra8 27. c4 Rc8 28. Nd2 b5 29. c5 Ra8 30. Ke2 Ra4 31. Kd3 Ra3+ 32. Ke2 Ra2 33. f3 Kc6 34. Kd3 b4 35. Rb1 Kb5 36. Ke2 e5 37. Ke3 Ra3+ 0-1

[Event "Hassloch op 21st"]
[Site "Hassloch"]
[Date "2006.06.04"]
[Round "4"]
[White "Goeke, Bernd"]
[Black "Merkel, Markus"]
[Result "0-1"]
[WhiteElo "2117"]
[BlackElo "2207"]
[PlyCount "91"]
[EventDate "2006.06.02"]
[EventType "swiss"]
[EventRounds "7"]
[EventCountry "GER"]
[SourceTitle "CBM 112 Extra"]
[Source "ChessBase"]
[SourceDate "2006.07.14"]
[SourceVersion "1"]
[SourceVersionDate "2006.07.14"]
[SourceQuality "1"]

1. d4 d5 2. c4 c6 3. Nf3 Nf6 4. Nc3 dxc4 5. e4 b5 6. e5 Nd5 7. a4 Nxc3 8. bxc3 e6 9. axb5 cxb5 10. Ng5 Bb7 11. Qh5 Qd7 12. Be2 Bd5 13. Nxh7 Kd8 14. Nxf8 Rxf8 15. Ba3 Rg8 16. 0-0 Kc7 17. Bd6+ Kb7 18. f4 g6 19. Qh4 Nc6 20. Bf3 Bxf3 21. Rxf3 Qd8 22. Qe1 Ne7 23. Qe4+ Nd5 24. f5 gxf5 25. Rxf5 Rg7 26. Raf1 Qg8 27. g3 Rxg3+ 28. Kh1 Rg7 29. R5f2 a6 30. Ra1 Qh7 31. Qf3 Qg6 32. Rb2 Qg4 33. Qxg4 Rxg4 34. Bb4 Kc6 35. Ba5 Rf4 36. Rg1 Rf3 37. Rg3 Rf1+ 38. Kg2 Ra1 39. Bb4 Nxb4 40. cxb4 Kd5 41. Rf2 Kxd4 42. h4 Kxe5 43. Rxf7 Rh8 44. Re3+ Kd4 45. Rxe6 Kc3 46. Rf3+ 0-1

[Event "Hessenliga 0506"]
[Site "Germany"]
[Date "2006.04.02"]
[Round "11.7"]
[White "Rudolph, Peter"]
[Black "Goeke, Bernd"]
[Result "1-0"]
[WhiteElo "2242"]
[BlackElo "2103"]
[PlyCount "79"]
[EventDate "2005.09.11"]
[EventType "team"]
[EventRounds "11"]
[EventCountry "GER"]
[SourceTitle "EXT 2007"]
[Source "ChessBase"]
[SourceDate "2006.11.23"]
[SourceVersion "1"]
[SourceVersionDate "2006.11.23"]
[SourceQuality "1"]
[WhiteTeam "Giessen"]
[BlackTeam "Bensheim"]
[WhiteTeamCountry "GER"]
[BlackTeamCountry "GER"]

1. e4 c6 2. d4 d5 3. e5 Bf5 4. Bd3 Bxd3 5. Qxd3 e6 6. Ne2 c5 7. 0-0 Nc6 8. c3 Nge7 9. Nd2 cxd4 10. cxd4 Nf5 11. Nf3 Be7 12. Bd2 0-0 13. g4 Nh4 14. Nxh4 Bxh4 15. f4 f6 16. Qh3 g5 17. exf6 Rxf6 18. fxg5 Rxf1+ 19. Rxf1 Bxg5 20. Bxg5 Qxg5 21. Qf3 Qg7 22. Qf4 Re8 23. Kh1 Ne7 24. Ng3 Ng6 25. Qe3 Qe7 26. Nh5 Rf8 27. Rxf8+ Nxf8 28. Qf3 Nd7 29. Kg2 Qg5 30. Kg3 Qd2 31. Nf6+ Nxf6 32. Qxf6 Qe1+ 33. Kf4 Qe4+ 34. Kg5 Qe3+ 35. Kh4 Qe2 36. h3 Qe3 37. Qg5+ Qxg5+ 38. Kxg5 Kg7 39. h4 h6+ 40. Kf4 1-0

[Event "Hessenliga 0506"]
[Site "Germany"]
[Date "2006.02.12"]
[Round "8.7"]
[White "Kaulfuss, Helmut"]
[Black "Goeke, Bernd"]
[Result "1/2-1/2"]
[WhiteElo "2230"]
[BlackElo "2103"]
[PlyCount "242"]
[EventDate "2005.09.11"]
[EventType "team"]
[EventRounds "11"]
[EventCountry "GER"]
[SourceTitle "EXT 2007"]
[Source "ChessBase"]
[SourceDate "2006.11.23"]
[SourceVersion "1"]
[SourceVersionDate "2006.11.23"]
[SourceQuality "1"]
[WhiteTeam "Hofheim II"]
[BlackTeam "Bensheim"]
[WhiteTeamCountry "GER"]
[BlackTeamCountry "GER"]

1. e4 c6 2. d3 d5 3. Nd2 e5 4. Ngf3 Bd6 5. g3 Nf6 6. Bg2 0-0 7. 0-0 Re8 8. c3 a5 9. Re1 Nbd7 10. Qc2 Qc7 11. Nf1 dxe4 12. dxe4 Nc5 13. Nh4 Bf8 14. Bg5 Nfd7 15. Rad1 Nb6 16. b3 Be6 17. Bc1 Rad8 18. Ne3 Nc8 19. Bf1 Nd6 20. f3 f6 21. Qf2 Nb5 22. Bb2 Rxd1 23. Rxd1 Rd8 24. Qc2 b6 25. Nhg2 Nb7 26. Bc4 Bxc4 27. Nxc4 Bc5+ 28. Kf1 N5d6 29. Nce3 Nf7 30. Ke2 Kf8 31. Bc1 Rxd1 32. Qxd1 Qd6 33. Qc2 g6 34. Nc4 Qd7 35. g4 b5 36. Nb2 Ba7 37. Qd3 Ke7 38. Bd2 Bg1 39. h4 Qe6 40. Be3 Bxe3 41. Qxe3 Qd6 42. Nd3 Qa3 43. Qd2 Nc5 44. Nc1 a4 45. b4 Nd7 46. Ne3 Nb6 47. Kd1 Nd6 48. Ke2 Nbc4 49. Nxc4 Nxc4 50. Qc2 Qb2 51. Qxb2 Nxb2 52. g5 Nc4 53. Nd3 Nd6 54. Ke3 Ke6 55. Nc5+ Ke7 56. gxf6+ Kxf6 57. Nd7+ Ke6 58. Nf8+ Kf7 59. Nxh7 Nc4+ 60. Kd3 Nb2+ 61. Ke2 Nc4 62. Ng5+ Kf6 63. Nh3 Nd6 64. Kd3 Nc4 65. Nf2 Nb2+ 66. Ke2 Nc4 67. Ng4+ Ke6 68. Ne3 Nb6 69. Kd3 Nd7 70. a3 Nf6 71. c4 Kd6 72. c5+ Ke6 73. Ng2 Nh5 74. Ke3 Ng3 75. f4 Nf1+ 76. Ke2 Ng3+ 77. Kf3 Nf1 78. Ke2 Ng3+ 79. Kd3 Kf6 80. Ke3 Nf1+ 81. Ke2 Ng3+ 82. Kf3 Nf1 83. Ne3 Nd2+ 84. Ke2 Nxe4 85. Ng4+ Kf5 86. Nxe5 Nc3+ 87. Kd3 Nb1 88. Nxc6 Kxf4 89. Nd4 Nxa3 90. c6 Nc4 91. Kc3 Nd6 92. c7 Ke4 93. Nc6 Nc8 94. Nd4 Nd6 95. Ne6 Kd5 96. Nf4+ Kc6 97. Nxg6 Kxc7 98. h5 Nf7 99. Nf4 Kd6 100. Ne2 Kc6 101. Nd4+ Kb6 102. Kd3 Nh6 103. Ke4 Ng8 104. Ke5 a3 105. Nc2 a2 106. Kd6 Nh6 107. Na1 Ng8 108. Ke6 Kc6 109. Nb3 Nh6 110. Ke5 Ng8 111. Kd4 Nh6 112. Kc3 Kd5 113. Na1 Nf5 114. Nc2 Nh6 115. Kb3 Nf5 116. Kxa2 Ke5 117. Kb3 Ne7 118. h6 Kf6 119. Nd4 Kg6 120. Nxb5 Nc6 121. Nd6 Nxb4 1/2-1/2

[Event "Hessenliga 0506"]
[Site "Germany"]
[Date "2006.01.22"]
[Round "7.5"]
[White "Goeke, Bernd"]
[Black "Steyer, Bernd"]
[Result "0-1"]
[WhiteElo "2103"]
[BlackElo "2165"]
[PlyCount "92"]
[EventDate "2005.09.11"]
[EventType "team"]
[EventRounds "11"]
[EventCountry "GER"]
[SourceTitle "EXT 2007"]
[Source "ChessBase"]
[SourceDate "2006.11.23"]
[SourceVersion "1"]
[SourceVersionDate "2006.11.23"]
[SourceQuality "1"]
[WhiteTeam "Bensheim"]
[BlackTeam "Eppstein"]
[WhiteTeamCountry "GER"]
[BlackTeamCountry "GER"]

1. d4 d5 2. c4 c6 3. Nf3 Bf5 4. cxd5 Bxb1 5. Rxb1 Qxd5 6. b3 e6 7. e3 Nf6 8. Bd2 Ne4 9. Bc4 Qh5 10. 0-0 Bd6 11. Bd3 Nxd2 12. Qxd2 Nd7 13. Be2 Qh6 14. Qa5 0-0 15. Qc3 Qf6 16. Rfd1 Rfd8 17. Rbc1 e5 18. dxe5 Bxe5 19. Nxe5 Nxe5 20. f4 Rxd1+ 21. Bxd1 Nd7 22. Bf3 Qxc3 23. Rxc3 Kf8 24. Kf2 Rd8 25. Rd3 Ke7 26. e4 Nc5 27. Rxd8 Kxd8 28. Ke3 Ke7 29. b4 Ne6 30. e5 Kd7 31. h4 b6 32. Bh5 g6 33. Bg4 Ke7 34. g3 c5 35. Bxe6 Kxe6 36. bxc5 bxc5 37. g4 Kd5 38. a4 c4 39. a5 c3 40. Kd3 c2 41. Kxc2 Ke4 42. Kc3 Kxf4 43. Kc4 Kxg4 44. Kb5 g5 45. hxg5 Kxg5 46. Kc6 h5 0-1

[Event "Hessenliga 0506"]
[Site "Germany"]
[Date "2005.09.11"]
[Round "1.5"]
[White "Goeke, Bernd"]
[Black "Kersting, Martin"]
[Result "1/2-1/2"]
[WhiteElo "2103"]
[BlackElo "2226"]
[PlyCount "49"]
[EventDate "2005.09.11"]
[EventType "team"]
[EventRounds "11"]
[EventCountry "GER"]
[SourceTitle "EXT 2007"]
[Source "ChessBase"]
[SourceDate "2006.11.23"]
[SourceVersion "1"]
[SourceVersionDate "2006.11.23"]
[SourceQuality "1"]
[WhiteTeam "Bensheim"]
[BlackTeam "Fulda"]
[WhiteTeamCountry "GER"]
[BlackTeamCountry "GER"]

1. e4 c6 2. d4 d5 3. Nc3 dxe4 4. Nxe4 Bf5 5. Ng3 Bg6 6. h4 h6 7. Nf3 Nd7 8. h5 Bh7 9. Bd3 Bxd3 10. Qxd3 Qc7 11. Bd2 e6 12. 0-0-0 0-0-0 13. Ne4 Ngf6 14. g3 Nxe4 15. Qxe4 Bd6 16. c4 Nf6 17. Qe2 c5 18. Bc3 cxd4 19. Nxd4 a6 20. Nb3 Bc5 21. Be5 Qc6 22. Nxc5 Qxc5 23. Kb1 Rxd1+ 24. Rxd1 Rd8 25. Rxd8+ 1/2-1/2

[Event "Hessen-ch MVT"]
[Site "Offenbach"]
[Date "2005.04.03"]
[Round "9"]
[White "Fussnecker, Manfred"]
[Black "Goeke, Bernd"]
[Result "1-0"]
[WhiteElo "1985"]
[BlackElo "2108"]
[PlyCount "55"]
[EventDate "2005.03.28"]
[EventType "swiss"]
[EventRounds "9"]
[EventCountry "GER"]
[SourceTitle "EXT 2006"]
[Source "ChessBase"]
[SourceDate "2005.11.24"]
[SourceVersion "1"]
[SourceVersionDate "2005.11.24"]
[SourceQuality "1"]

1. e4 c6 2. d4 d5 3. e5 Bf5 4. Be3 Qb6 5. Qc1 e6 6. c4 dxc4 7. Bxc4 Qc7 8. Nf3 Nd7 9. 0-0 Nb6 10. Bb3 h6 11. Nc3 Qd7 12. Nh4 Bd3 13. Rd1 Bh7 14. f4 Ne7 15. d5 Nexd5 16. f5 Be7 17. fxe6 fxe6 18. Nf3 0-0 19. Kh1 Kh8 20. Ne2 Qe8 21. Nfd4 Bd8 22. Nf4 Nxf4 23. Bxf4 Nd5 24. Bxh6 gxh6 25. Qxh6 Qg6 26. Qxf8+ Bg8 27. Bc2 Qh5 28. Rd3 1-0

[Event "Hessen-ch MVT"]
[Site "Offenbach"]
[Date "2005.04.02"]
[Round "8"]
[White "Goeke, Bernd"]
[Black "Karsten, Heinrich"]
[Result "0-1"]
[WhiteElo "2108"]
[BlackElo "2030"]
[PlyCount "80"]
[EventDate "2005.03.28"]
[EventType "swiss"]
[EventRounds "9"]
[EventCountry "GER"]
[SourceTitle "EXT 2006"]
[Source "ChessBase"]
[SourceDate "2005.11.24"]
[SourceVersion "1"]
[SourceVersionDate "2005.11.24"]
[SourceQuality "1"]

1. Nf3 c5 2. e4 d6 3. Bb5+ Nc6 4. 0-0 e5 5. c3 Qb6 6. Na3 Nf6 7. d3 Be7 8. Ba4 0-0 9. Nc4 Qc7 10. Re1 Rb8 11. Ne3 b5 12. Bc2 b4 13. Nd2 Be6 14. Ndf1 Rfd8 15. c4 Nd4 16. Ng3 Bf8 17. Rf1 Nd7 18. f4 exf4 19. Rxf4 g6 20. Rf2 Bg7 21. Kh1 Ne5 22. h3 Rf8 23. Ne2 Nxe2 24. Qxe2 Nc6 25. Bd1 Nd4 26. Qf1 Qd7 27. Bg4 h5 28. Bxe6 fxe6 29. Rb1 Rxf2 30. Qxf2 Rf8 31. Qe1 Qf7 32. b3 Qf2 33. Qxf2 Rxf2 34. Rb2 Ne2 35. Rd2 Bc3 36. Rc2 Be5 37. a3 Ng3+ 38. Kh2 Rxc2 39. Nxc2 Ne2+ 40. Kh1 Nxc1 0-1